000 01159nam a22002897a 4500
005 20110804123012.0
008 110804t xxu||||| |||| 00| 0 eng d
010 _aENG-103223
020 _a9788180386138
_c2095.00
035 _aEN-86756
037 _bDBAD / PUB
040 _adpl
_bEnglish
082 _a340
100 _929868
_aKrishnamurthy, K.
245 _aThe Indian stamp act (Act II of 1899) :
_cby K. krishnamurthy
_ban exhaustive commentary on the central legislation, state acts and amendments along with extracts from relevant allied acts and including rules, schedules, and notifications /
250 _a11th ed
_bby V.R. Manohar
260 _aGurgaon
_bLexisNexis Butterworths
_c2011
270 _a14th Floor, Building No. 10, Tower-B, DLF Cyber City, Phase-II
_bGurgaon
_e122002
_k91-124-4774444
_l91-124-4774100
300 _acIxxxi,2193p.
_c25cm (Hb)
500 _aIncludes index
650 _929869
650 _931251
651 _91549
700 _929871
942 _2ddc
_cEN
_mKRI
_h340
999 _c54867
_d54867